000 00715nam a2200253 a 4500
008
020 _a0198244630 (pbk.)
090 _aBJ1012
100 1 _aSlote, Michael A.
245 1 0 _aGoods and virtues /
_cMichael Slote.
260 _aOxford :
_bClarendon Press ;
_aNew York :
_bOxford University Press,
_c1983.
300 _axiii, 148 p. ;
_c22 cm.
504 _aIncludes bibliographical references.
500 _aIncludes index.
650 0 _aEthics.
650 0 _aGood and evil.
650 0 _aVirtues.
907 _a.b10076980
_b12-06-03
_c12-06-03
003
005 20230123133256.0
040 _cNUST
049 _aMAIN
942 _cBOOKS
_kBJ1012
999 _c145774
_d145774